| 000 | 00356nam a22001457a 4500 | ||
|---|---|---|---|
| 005 | 20230726134846.0 | ||
| 008 | 230726b ||||| |||| 00| 0 eng d | ||
| 040 | _cAL | ||
| 041 | _aeng | ||
| 082 |
_223 _a658.31124 _bBERP |
||
| 100 |
_aBerk _9128439 |
||
| 245 | _aPreparing for your interview | ||
| 260 |
_aNew Delhi _bViva Books _c2004 |
||
| 942 |
_2ddc _cBK |
||
| 999 |
_c228143 _d228143 |
||